<?xml version="1.0" encoding="UTF-8"?>
<collection xmlns="http://www.loc.gov/MARC21/slim">
    <record>
        <controlfield tag="001">65553</controlfield>
        <controlfield tag="005">20180219131717.0</controlfield>
        <datafield tag="037" ind1=" " ind2=" ">
            <subfield code="a">TAZ-TFG-2017-756</subfield>
        </datafield>
        <datafield tag="041" ind1=" " ind2=" ">
            <subfield code="a">spa</subfield>
        </datafield>
        <datafield tag="100" ind1="1" ind2=" ">
            <subfield code="a">Rodríguez Granda, Sofía</subfield>
        </datafield>
        <datafield tag="242" ind1="0" ind2="0">
            <subfield code="a">Breast cancer and augmentation mammoplasty</subfield>
        </datafield>
        <datafield tag="245" ind1="0" ind2="0">
            <subfield code="a">Cáncer de mama y mamoplastia de aumento</subfield>
        </datafield>
        <datafield tag="260" ind1=" " ind2=" ">
            <subfield code="a">Zaragoza</subfield>
            <subfield code="b">Universidad de Zaragoza</subfield>
            <subfield code="c">2017</subfield>
        </datafield>
        <datafield tag="500" ind1=" " ind2=" ">
            <subfield code="a">Resumen disponible también en inglés.</subfield>
        </datafield>
        <datafield tag="506" ind1=" " ind2=" ">
            <subfield code="a">by-nc-sa</subfield>
            <subfield code="b">Creative Commons</subfield>
            <subfield code="c">3.0</subfield>
            <subfield code="u">http://creativecommons.org/licenses/by-nc-sa/3.0/</subfield>
        </datafield>
        <datafield tag="520" ind1=" " ind2=" ">
            <subfield code="a">En la actualidad, la cirugía de aumento mamario es el procedimiento quirúrgico estético más realizado. Por otro lado, la incidencia de carcinomas mamarios en la población general  es cada vez mayor.  Cabe esperar, por tanto, que el hallazgo de tumores mamarios en mamas con prótesis sea más frecuente con el paso de los años. Objetivo: evaluar la incidencia de tumores mamarios en mujeres portadoras de prótesis con fines cosméticos y estudiar si estas pueden interferir en el diagnóstico, tratamiento  y supervivencia del cáncer.  Método: se realizó una revisión bibliográfica utilizando las principales   fuentes de información virtuales y bases de datos biomédicas (Pubmed, Scholar GoogleyScielo) desde el año 2006 hasta el 2017, tanto en inglés como en español. Se aceptaron los artículos  más recientes y relevantes  sobre la materia.  Resultados: tres grandes cohortes fueron examinadas para demostrar que no existe relación entre tumores mamarios e implantes.  Un estudio realizado en California a 3922 pacientes analizó el estadio, tamaño, histología y diagnostico mediante exploración física, concluyendo que las pacientes con implantes presentan más lesiones palpables, más lesiones infiltrantes y tumores de similar tamaño y estadio que la población general. Conclusiones: las mujeres que se han sometido a una mastoplastia de aumento presentan con mayor frecuencia lesiones palpables, tienen una incidencia ligeramente menor de lesiones in situ y presentan  mayor probabilidad de ganglios linfáticos positivos. No existen diferencias significativas en cuanto al pronóstico, estadio en el momento del diagnóstico, tamaño y malignidad tumoral en mujeres con  implantes y sin ellos. Palabras clave: Carcinomas mamarios e implantes.</subfield>
        </datafield>
        <datafield tag="521" ind1=" " ind2=" ">
            <subfield code="a">Graduado en Medicina</subfield>
        </datafield>
        <datafield tag="540" ind1=" " ind2=" ">
            <subfield code="a">Derechos regulados por licencia Creative Commons</subfield>
        </datafield>
        <datafield tag="700" ind1=" " ind2=" ">
            <subfield code="a">Güemes Sánchez, Antonio</subfield>
            <subfield code="e">dir.</subfield>
        </datafield>
        <datafield tag="710" ind1="2" ind2=" ">
            <subfield code="a">Universidad de Zaragoza</subfield>
            <subfield code="b">Cirugía, Ginecología y Obstetricia</subfield>
            <subfield code="c">Cirugía</subfield>
        </datafield>
        <datafield tag="856" ind1="0" ind2=" ">
            <subfield code="f">658580@celes.unizar.es</subfield>
        </datafield>
        <datafield tag="856" ind1="4" ind2=" ">
            <subfield code="s">841005</subfield>
            <subfield code="u">http://zaguan.unizar.es/record/65553/files/TAZ-TFG-2017-756.pdf</subfield>
            <subfield code="y">Memoria (spa)</subfield>
        </datafield>
        <datafield tag="909" ind1="C" ind2="O">
            <subfield code="o">oai:zaguan.unizar.es:65553</subfield>
            <subfield code="p">driver</subfield>
            <subfield code="p">trabajos-fin-grado</subfield>
        </datafield>
        <datafield tag="950" ind1=" " ind2=" ">
            <subfield code="a"></subfield>
        </datafield>
        <datafield tag="951" ind1=" " ind2=" ">
            <subfield code="a">deposita:2018-02-17</subfield>
        </datafield>
        <datafield tag="980" ind1=" " ind2=" ">
            <subfield code="a">TAZ</subfield>
            <subfield code="b">TFG</subfield>
            <subfield code="c">MED</subfield>
        </datafield>
    </record>

    
</collection>